00253 a2200085 450000500170000002000180001710000160003524500980005126000180014920251219124157.0 a9780241187265 aKawasaki G. aThe Art Of The Start 2.0: The Time-Tested, Battle-Hardened Guide For Anyone Starting Anything bPenguinc2015